<?xml version="1.0" encoding="UTF-8"?>
<record
    xmlns:xsi="http://www.w3.org/2001/XMLSchema-instance"
    xsi:schemaLocation="http://www.loc.gov/MARC21/slim http://www.loc.gov/standards/marcxml/schema/MARC21slim.xsd"
    xmlns="http://www.loc.gov/MARC21/slim">

  <leader>01283nam a22002417a 4500</leader>
  <controlfield tag="005">20220408145751.0</controlfield>
  <controlfield tag="008">220408b           ||||| |||| 00| 0 eng d</controlfield>
  <datafield tag="020" ind1=" " ind2=" ">
    <subfield code="a">8171676790</subfield>
  </datafield>
  <datafield tag="040" ind1=" " ind2=" ">
    <subfield code="c">Aloy</subfield>
  </datafield>
  <datafield tag="041" ind1=" " ind2=" ">
    <subfield code="a">eng</subfield>
  </datafield>
  <datafield tag="082" ind1=" " ind2=" ">
    <subfield code="2">23</subfield>
    <subfield code="a">929</subfield>
    <subfield code="b">MUKA</subfield>
  </datafield>
  <datafield tag="100" ind1=" " ind2=" ">
    <subfield code="a">Monisha Mukundan</subfield>
    <subfield code="9">28615</subfield>
  </datafield>
  <datafield tag="245" ind1=" " ind2=" ">
    <subfield code="a">Asoka:</subfield>
    <subfield code="b">The Great</subfield>
  </datafield>
  <datafield tag="260" ind1=" " ind2=" ">
    <subfield code="a">New Delhi</subfield>
    <subfield code="b">Rupa &amp; Co</subfield>
    <subfield code="c">2002</subfield>
  </datafield>
  <datafield tag="300" ind1=" " ind2=" ">
    <subfield code="a">72 p.</subfield>
    <subfield code="b">HB</subfield>
    <subfield code="c">16x13 cm</subfield>
  </datafield>
  <datafield tag="365" ind1=" " ind2=" ">
    <subfield code="b">95.00</subfield>
    <subfield code="c">&#x20B9;</subfield>
    <subfield code="d">95.00</subfield>
  </datafield>
  <datafield tag="440" ind1=" " ind2=" ">
    <subfield code="a">Charitavali Series</subfield>
    <subfield code="9">28616</subfield>
  </datafield>
  <datafield tag="520" ind1=" " ind2=" ">
    <subfield code="a">Over two thousand years ago, an Indian monarch spoke of the duties of a King. He saw himself as the father of his people, working ceaselessly for their welfare. Then at a time when conquerers were admired, he gave up war and chose the path of peace. There have been few monarchs in the world like Asoka, the Mauryan King who ruled over India's first empire. After a devastating war, he became a Buddhist and spread the words of the Buddha across the land. Then he carved his thoughts on rocks and pillars for posterity. Asoka's wise and compassionate voice speaks to us across the centuries and his words are relevent even today.
</subfield>
  </datafield>
  <datafield tag="650" ind1=" " ind2=" ">
    <subfield code="a">Maurya Dynasty and Ashokas Early Life</subfield>
    <subfield code="9">28586</subfield>
  </datafield>
  <datafield tag="650" ind1=" " ind2=" ">
    <subfield code="a">Ashokas Conversion</subfield>
    <subfield code="9">28587</subfield>
  </datafield>
  <datafield tag="700" ind1=" " ind2=" ">
    <subfield code="a">MUKUNDAN (Monisha)</subfield>
    <subfield code="9">28588</subfield>
  </datafield>
  <datafield tag="942" ind1=" " ind2=" ">
    <subfield code="2">ddc</subfield>
    <subfield code="c">GF</subfield>
  </datafield>
  <datafield tag="999" ind1=" " ind2=" ">
    <subfield code="c">222290</subfield>
    <subfield code="d">222290</subfield>
  </datafield>
  <datafield tag="952" ind1=" " ind2=" ">
    <subfield code="0">0</subfield>
    <subfield code="1">0</subfield>
    <subfield code="2">ddc</subfield>
    <subfield code="4">0</subfield>
    <subfield code="7">0</subfield>
    <subfield code="8">HIS</subfield>
    <subfield code="a">AL</subfield>
    <subfield code="b">AL</subfield>
    <subfield code="d">2013-03-24</subfield>
    <subfield code="l">0</subfield>
    <subfield code="o">929 MUKA</subfield>
    <subfield code="p">GF02096</subfield>
    <subfield code="r">2022-04-08 00:00:00</subfield>
    <subfield code="w">2022-04-08</subfield>
    <subfield code="y">GF</subfield>
  </datafield>
</record>
